Bytová politika v Slovenskej Republike v kontexte hopodárskej politiky Európskej únie

Hospodárska politika Európskej únie a jej vplyv na bytovú politiku Slovenska. Bytová výstavba a udržanie doterajšieho životného štandardu.

Saved in:
Bibliographic Details
Main Author: Vidová, Jarmila, 1967-
Format: Book Chapter
Language:Slovak
Subjects:
Tags: Add Tag
No Tags, Be the first to tag this record!

MARC

LEADER 00000naa$a2200000$$$4500
001 0240577
005 20240502101945.5
041 0 |a slo 
044 |a SK 
245 1 0 |a Bytová politika v Slovenskej Republike v kontexte hopodárskej politiky Európskej únie  |c Jarmila Vidová 
520 |a Hospodárska politika Európskej únie a jej vplyv na bytovú politiku Slovenska. Bytová výstavba a udržanie doterajšieho životného štandardu. 
610 2 0 |a Európska únia 
610 2 0 |a Slovensko 
610 2 0 |a politika bytová 
610 2 0 |a úroveň životná 
610 2 0 |a výstavba bytová 
100 1 |a Vidová, Jarmila, 1967-